[Event "DSOL 2021"]
[Site "Germany"]
[Date "2021.03.04"]
[Round "5.4"]
[White "Scholz, Christopher"]
[Black "Onat, Elias Levent"]
[Result "1/2-1/2"]
[WhiteElo "1407"]
[BlackElo "1564"]
[Annotator "NA RC"]
[PlyCount "40"]
[EventDate "2021.01.18"]
[EventType "team-tourn"]
[EventCountry "GER"]
[SourceTitle "playchess.com"]
[Source "ChessBase"]
[SourceQuality "1"]

1. d4 e6 2. c4 d5 3. Nc3 Bb4 4. Nf3 h6 5. Bd2 c5 6. e3 cxd4 7. Nxd4 Nc6 8. cxd5 exd5 9. a3 Nxd4 10. exd4 Bxc3 11. Bxc3 Nf6 12. Bb5+ Bd7 13. Qe2+ Qe7 14. Qxe7+ Kxe7 15. Bb4+ Kd8 16. Bxd7 Kxd7 17. O-O Rac8 18. Rac1 Rxc1 19. Rxc1 Rc8 20. Rxc8 Kxc8 1/2-1/2

[Event "DSOL 2021"]
[Site "Germany"]
[Date "2021.03.01"]
[Round "5.4"]
[White "Will, Patrick"]
[Black "Fucik, Timo"]
[Result "0-1"]
[WhiteElo "1335"]
[BlackElo "1739"]
[Annotator "NA RC"]
[PlyCount "54"]
[EventDate "2021.01.18"]
[EventType "team-tourn"]
[EventCountry "GER"]
[SourceTitle "playchess.com"]
[Source "ChessBase"]
[SourceQuality "1"]

1. Nf3 d5 2. c4 c6 3. d4 e6 4. e3 f5 5. b3 Nf6 6. Bb2 Bd6 7. Be2 O-O 8. Nbd2 Ne4 9. O-O b6 10. a4 Nd7 11. Qc1 Bb7 12. Ba3 c5 13. dxc5 Ndxc5 14. Qb2 f4 15. exf4 Bxf4 16. Nxe4 dxe4 17. Nd4 Be5 18. Rad1 Nd3 19. Bxd3 Bxd4 20. Qe2 exd3 21. Rxd3 Rf6 22. Rfd1 e5 23. Qxe5 Bxf2+ 24. Kh1 Qe8 25. Qc7 Qe4 26. Rd8+ Rf8 27. Qxb7 Raxd8 0-1

[Event "DSOL 2021"]
[Site "Germany"]
[Date "2021.03.15"]
[Round "6.1"]
[White "Engel, Luis"]
[Black "Rosner, Jonas"]
[Result "0-1"]
[WhiteElo "2553"]
[BlackElo "2434"]
[Annotator "TA"]
[PlyCount "90"]
[EventDate "2021.01.18"]
[EventType "team-tourn"]
[EventCountry "GER"]
[SourceTitle "playchess.com"]
[Source "ChessBase"]
[SourceQuality "1"]

1. e4 c6 2. d4 d5 3. e5 Bf5 4. Nf3 e6 5. Be2 Ne7 6. O-O Ng6 7. c4 dxc4 8. Bxc4 Nd7 9. Nc3 h6 10. Be3 Ne7 11. Qe2 Nd5 12. Nxd5 cxd5 13. Bd3 Bxd3 14. Qxd3 Be7 15. Rfc1 Nb8 16. Qb5+ Qd7 17. Rc8+ Bd8 18. Qxd7+ Kxd7 19. Rac1 Re8 20. Ne1 Bb6 21. Rxe8 Kxe8 22. Rc8+ Bd8 23. Nd3 Kd7 24. Rc3 Bb6 25. g4 Nc6 26. Nc5+ Bxc5 27. Rxc5 h5 28. f3 Rh8 29. Kg2 f6 30. exf6 gxf6 31. Kg3 Kd6 32. Rc1 e5 33. dxe5+ fxe5 34. Bc5+ Ke6 35. g5 d4 36. b4 Rc8 37. a3 Ne7 38. Re1 Nf5+ 39. Kf2 b6 40. f4 Ne3 41. Rxe3 dxe3+ 42. Bxe3 exf4 43. Bxf4 Rc3 44. g6 Rxa3 45. g7 Kf7 0-1

[Event "DSOL 2021"]
[Site "Germany"]
[Date "2021.03.19"]
[Round "6.1"]
[White "Saraci, Nderim"]
[Black "Donchenko, Alexander"]
[Result "1/2-1/2"]
[WhiteElo "2415"]
[BlackElo "2659"]
[Annotator "TA"]
[PlyCount "110"]
[EventDate "2021.01.18"]
[EventType "team-tourn"]
[EventCountry "GER"]
[SourceTitle "playchess.com"]
[Source "ChessBase"]
[SourceQuality "1"]
[WhiteTeam "SK Ludwigshafen I"]
[BlackTeam "SF Deizisau I"]

1. d4 d5 2. Nf3 Nf6 3. c4 c6 4. Nc3 e6 5. e3 Nbd7 6. Bd3 dxc4 7. Bxc4 b5 8. Be2 Bb7 9. O-O a6 10. e4 c5 11. d5 exd5 12. Nxd5 Nxd5 13. exd5 Bd6 14. a4 O-O 15. axb5 axb5 16. Rxa8 Qxa8 17. Bxb5 Nf6 18. Bc6 Bxc6 19. dxc6 Qxc6 20. Qc2 Rb8 21. Rd1 h6 22. h3 Qe4 23. Qxe4 Nxe4 24. Nd2 Nxd2 25. Rxd2 Be5 26. Rd5 Bd4 27. Be3 Bxe3 28. fxe3 c4 29. Rd4 Rb4 30. e4 Rxb2 31. Rxc4 Kh7 32. e5 Re2 33. Rc7 Kg6 34. Re7 h5 35. Kf1 Ra2 36. e6 f6 37. Re8 Ra5 38. Kf2 Kg5 39. Rg8 Ra7 40. Rf8 Kg6 41. Re8 h4 42. Rh8 Kg5 43. Rh7 f5 44. Kf3 Rb7 45. Kf2 Re7 46. Kf3 f4 47. Kf2 Kf5 48. Rxh4 Rxe6 49. Rh5+ Ke4 50. Rg5 g6 51. h4 Ra6 52. h5 Ra2+ 53. Kg1 gxh5 54. Rxh5 f3 55. gxf3+ Kxf3 1/2-1/2

[Event "DSOL 2021"]
[Site "Germany"]
[Date "2021.03.16"]
[Round "6.1"]
[White "Lauer, Moritz"]
[Black "Sielecki, Christof"]
[Result "1/2-1/2"]
[WhiteElo "2399"]
[BlackElo "2431"]
[Annotator "TA"]
[PlyCount "74"]
[EventDate "2021.01.18"]
[EventType "team-tourn"]
[EventCountry "GER"]
[SourceTitle "playchess.com"]
[Source "ChessBase"]
[SourceQuality "1"]

1. e4 d6 2. d4 Nf6 3. Nc3 g6 4. Be3 a6 5. h3 Bg7 6. f4 e6 7. Nf3 Nc6 8. a3 Ne7 9. g4 b5 10. Bg2 Bb7 11. Nd2 e5 12. dxe5 dxe5 13. f5 gxf5 14. gxf5 c5 15. Bxc5 Bh6 16. Nb3 Qc7 17. Qd6 Qxd6 18. Bxd6 Rg8 19. Bxe7 Kxe7 20. Bf3 Rac8 21. Ke2 Rc7 22. Rad1 Rb8 23. Rd3 Bc6 24. Nc5 Ra8 25. Rhd1 a5 26. b4 axb4 27. axb4 Bf8 28. Nd5+ Bxd5 29. exd5 Kd6 30. c4 bxc4 31. Rc3 Ra2+ 32. Kf1 Bh6 33. Rxc4 Be3 34. Be2 Bd4 35. Rcxd4 exd4 36. Rxd4 Re7 37. Bf3 Rb2 1/2-1/2

[Event "DSOL 2021"]
[Site "Germany"]
[Date "2021.03.17"]
[Round "6.1"]
[White "Scholz, Christian"]
[Black "Machelett, Heiko"]
[Result "0-1"]
[WhiteElo "2366"]
[BlackElo "2372"]
[Annotator "TA"]
[PlyCount "106"]
[EventDate "2021.01.18"]
[EventType "team-tourn"]
[EventCountry "GER"]
[SourceTitle "playchess.com"]
[Source "ChessBase"]
[SourceQuality "1"]

1. d4 Nf6 2. c4 d6 3. Nf3 Bf5 4. Nc3 c6 5. g3 g6 6. Bg2 Bg7 7. d5 Ne4 8. Nd4 Nxc3 9. bxc3 Bd7 10. Qb3 Qb6 11. Rb1 Qxb3 12. Rxb3 c5 13. Nf3 b6 14. e4 Bc8 15. Bf4 Nd7 16. Bh3 h6 17. Bxd7+ Kxd7 18. h4 Kc7 19. O-O e5 20. Be3 f5 21. Nd2 Bd7 22. f3 Raf8 23. Kg2 f4 24. Bf2 g5 25. hxg5 fxg3 26. Bxg3 hxg5 27. Rh1 Rxh1 28. Kxh1 g4 29. fxg4 Bxg4 30. Kg1 Bh6 31. Rb2 Be3+ 32. Kg2 Be2 33. a3 Bd3 34. Kh2 Bf4 35. Bxf4 Rxf4 36. Kg3 Bxe4 37. a4 Bd3 38. a5 Bxc4 39. axb6+ axb6 40. Nxc4 Rxc4 41. Rb3 b5 42. Kf3 Kb6 43. Ke3 Rh4 44. Rb1 c4 45. Ra1 Kc5 46. Ra5 Rh3+ 47. Ke4 Rxc3 48. Ra6 Rc1 49. Rc6+ Kb4 50. Rxd6 c3 51. Rc6 c2 52. Kd3 Kb3 53. Kd2 Rd1+ 0-1

[Event "DSOL 2021"]
[Site "Germany"]
[Date "2021.03.17"]
[Round "6.1"]
[White "Plischki, Sebastian"]
[Black "Carlstedt, Jonathan"]
[Result "1-0"]
[WhiteElo "2352"]
[BlackElo "2451"]
[Annotator "TA"]
[PlyCount "115"]
[EventDate "2021.01.18"]
[EventType "team-tourn"]
[EventCountry "GER"]
[SourceTitle "playchess.com"]
[Source "ChessBase"]
[SourceQuality "1"]

1. d4 Nf6 2. c4 e6 3. Nf3 Bb4+ 4. Bd2 Qe7 5. e3 O-O 6. Bd3 Nc6 7. Nc3 d6 8. a3 Bxc3 9. Bxc3 e5 10. d5 Nb8 11. Nd2 Bg4 12. Qc2 Bh5 13. O-O Nbd7 14. b4 Bg6 15. e4 c6 16. dxc6 bxc6 17. Rfe1 Rac8 18. Nf3 h6 19. Qd2 Rfd8 20. h3 Nf8 21. Qe3 c5 22. bxc5 Rxc5 23. Rab1 Ne6 24. Bb4 Nh5 25. g3 Qd7 26. Bxc5 Nxc5 27. Kg2 Qa4 28. Nh4 Qxa3 29. Nxg6 fxg6 30. Bc2 Qa5 31. Red1 Nf6 32. Rdc1 Qc7 33. Rd1 Qc6 34. f3 Nfd7 35. Qa3 Kh7 36. h4 Nb6 37. Bd3 Rd7 38. Be2 Ne6 39. c5 Qxc5 40. Qxc5 Nxc5 41. Bb5 Rd8 42. Ra1 Nb3 43. Rxa7 Nd4 44. Bf1 Nd7 45. Rda1 Nf6 46. Ra8 Rd7 47. R1a7 Rxa7 48. Rxa7 g5 49. hxg5 hxg5 50. g4 Ne6 51. Bc4 Nf4+ 52. Kf2 d5 53. Bxd5 N6xd5 54. exd5 Nxd5 55. Ra5 Nf4 56. Ke3 Ng6 57. Ke4 Kg8 58. Ra3 1-0

[Event "DSOL 2021"]
[Site "Germany"]
[Date "2021.03.19"]
[Round "6.1"]
[White "Gruenberg, Rainer"]
[Black "Herm, Marcel"]
[Result "1/2-1/2"]
[WhiteElo "2334"]
[BlackElo "1996"]
[Annotator "NA"]
[PlyCount "99"]
[EventDate "2021.01.18"]
[EventType "team-tourn"]
[EventCountry "GER"]
[SourceTitle "playchess.com"]
[Source "ChessBase"]
[SourceQuality "1"]
[WhiteTeam "Hamburger SK III"]
[BlackTeam "SC Ketsch I"]

1. c4 e5 2. Nc3 Bb4 3. Nd5 Be7 4. g3 Nf6 5. Bg2 c6 6. Nxe7 Qxe7 7. Nf3 O-O 8. O-O d5 9. cxd5 cxd5 10. d4 e4 11. Ne5 Ng4 12. Nxg4 Bxg4 13. Bf4 Nc6 14. h3 Be6 15. Qd2 Rfc8 16. Rac1 Qd7 17. Kh2 Ne7 18. Qb4 Rc6 19. Rxc6 Nxc6 20. Qa4 Rc8 21. Rc1 f6 22. h4 h6 23. f3 exf3 24. exf3 Re8 25. Re1 Qf7 26. Be3 Re7 27. Bf2 Qe8 28. Bf1 Bf7 29. Rxe7 Qxe7 30. Qb5 Qb4 31. Qxb4 Nxb4 32. a3 Nc6 33. b4 Be6 34. Bd3 Kf7 35. g4 g5 36. Kg3 Ne7 37. f4 Bd7 38. hxg5 hxg5 39. f5 Nc8 40. Be3 Nd6 41. Kf3 Bb5 42. Bc2 Bc4 43. Bc1 b5 44. Ke3 Ke7 45. Kd2 a6 46. Kc3 Kd7 47. Be3 Ke7 48. Bg1 Kd7 49. Bh2 Ke7 50. Bb1 1/2-1/2

[Event "DSOL 2021"]
[Site "Germany"]
[Date "2021.03.19"]
[Round "6.1"]
[White "Voege, Tobias"]
[Black "Zehrfeld, Thorsten"]
[Result "0-1"]
[WhiteElo "2324"]
[BlackElo "1947"]
[Annotator "NA"]
[PlyCount "68"]
[EventDate "2021.01.18"]
[EventType "team-tourn"]
[EventCountry "GER"]
[SourceTitle "playchess.com"]
[Source "ChessBase"]
[SourceQuality "1"]
[WhiteTeam "Stader SV"]
[BlackTeam "Rochade Augsburg"]

1. d4 Nf6 2. c4 c5 3. d5 e6 4. Nc3 exd5 5. cxd5 Bd6 6. e4 O-O 7. f4 Nxe4 8. Nxe4 Re8 9. Qe2 Bf8 10. g4 d6 11. f5 Bxf5 12. gxf5 Qh4+ 13. Ng3 Rxe2+ 14. N1xe2 Nd7 15. Bg2 Ne5 16. O-O Nd3 17. Bd2 b5 18. b3 a5 19. f6 g6 20. Be4 Bh6 21. Bxd3 Bxd2 22. Bxb5 h5 23. Bc6 Rb8 24. Rf3 Qg4 25. Kf2 h4 26. Nf1 Bg5 27. h3 Qe4 28. Rd1 Qe5 29. Ne3 Qh2+ 30. Kf1 Rb4 31. Ng4 Rxg4 32. hxg4 h3 33. Rxh3 Qxh3+ 34. Kf2 Be3+ 0-1

[Event "DSOL 2021"]
[Site "Germany"]
[Date "2021.03.19"]
[Round "6.1"]
[White "Rosen, Bernd"]
[Black "Gschnitzer, Adrian"]
[Result "0-1"]
[WhiteElo "2313"]
[BlackElo "2413"]
[Annotator "NA"]
[PlyCount "70"]
[EventDate "2021.01.18"]
[EventType "team-tourn"]
[EventCountry "GER"]
[SourceTitle "playchess.com"]
[Source "ChessBase"]
[SourceQuality "1"]
[WhiteTeam "SF Essen-Katernberg I"]
[BlackTeam "SV Walldorf I"]

1. c4 Nf6 2. g3 c5 3. Bg2 d5 4. cxd5 Nxd5 5. Nc3 Nc7 6. Qb3 Nc6 7. Bxc6+ bxc6 8. Qa4 e5 9. Nf3 f6 10. d3 Be7 11. Qxc6+ Bd7 12. Qe4 O-O 13. O-O Kh8 14. a3 Rb8 15. Rb1 Ne6 16. Be3 Nd4 17. Bxd4 cxd4 18. Nd1 Rb5 19. Nd2 f5 20. Qg2 Qc7 21. Nc4 e4 22. b4 Bc6 23. f3 e3 24. Ndb2 f4 25. g4 h5 26. h3 hxg4 27. hxg4 Rf6 28. Rfc1 Qd8 29. Na5 Bd5 30. Rc2 Rh6 31. Rbc1 Be6 32. Nc6 Qd7 33. a4 Rg5 34. Nxe7 Bxg4 35. Kf1 Bh3 0-1

[Event "DSOL 2021"]
[Site "Germany"]
[Date "2021.03.17"]
[Round "6.1"]
[White "Nguyen, Alex Dac-Vuong"]
[Black "Bente, Bjoern"]
[Result "0-1"]
[WhiteElo "2307"]
[BlackElo "2226"]
[Annotator "TA"]
[PlyCount "98"]
[EventDate "2021.01.18"]
[EventType "team-tourn"]
[EventCountry "GER"]
[SourceTitle "playchess.com"]
[Source "ChessBase"]
[SourceQuality "1"]

1. c4 e6 2. g3 d5 3. Bg2 Nf6 4. Nf3 Be7 5. d4 O-O 6. O-O dxc4 7. Qa4 a6 8. Qxc4 b5 9. Qc2 Bb7 10. Bd2 Be4 11. Qc1 c6 12. a4 Nbd7 13. Nc3 Bg6 14. Nh4 Bh5 15. h3 Nd5 16. axb5 axb5 17. Rxa8 Qxa8 18. e4 Nxc3 19. Qxc3 c5 20. dxc5 Nxc5 21. g4 Bg6 22. Nxg6 hxg6 23. Be3 Na4 24. Qb3 Qb8 25. Rd1 Bf6 26. Rd2 Rc8 27. Bf1 Qe5 28. Qxb5 Qxe4 29. Rd7 Nxb2 30. Rxf7 Qc6 31. Rb7 Qxb5 32. Bxb5 Rd8 33. Bd7 Kf7 34. Ba4+ Kf8 35. Bc2 Nd3 36. Rb3 Ne5 37. f4 Nf3+ 38. Kg2 Ne1+ 39. Kg3 Nxc2 40. Bc5+ Be7 41. Bxe7+ Kxe7 42. Rb7+ Rd7 43. Rb8 Kf7 44. Kh4 Ne3 45. Rb3 Nd5 46. Kg5 Nf6 47. f5 gxf5 48. gxf5 Rd5 49. Rb7+ Nd7 0-1

[Event "DSOL 2021"]
[Site "Germany"]
[Date "2021.03.19"]
[Round "6.1"]
[White "Haskamp, Stephan"]
[Black "Braun, Christian"]
[Result "1-0"]
[WhiteElo "2281"]
[BlackElo "2409"]
[Annotator "NA"]
[PlyCount "37"]
[EventDate "2021.01.18"]
[EventType "team-tourn"]
[EventCountry "GER"]
[SourceTitle "playchess.com"]
[Source "ChessBase"]
[SourceQuality "1"]
[WhiteTeam "SG Osnabrück"]
[BlackTeam "SG Porz I"]

1. e4 e6 2. d4 d5 3. Bd3 dxe4 4. Bxe4 Nf6 5. Bf3 c5 6. Ne2 Nc6 7. Be3 cxd4 8. Nxd4 Ne5 9. Nc3 Be7 10. Qe2 O-O 11. O-O-O Nxf3 12. Nc6 Qc7 13. Nxe7+ Qxe7 14. gxf3 Nd5 15. Nxd5 exd5 16. Rhg1 Bf5 17. Rxg7+ Kxg7 18. Bd4+ Qf6 19. Bxf6+ 1-0

[Event "DSOL 2021"]
[Site "Germany"]
[Date "2021.03.15"]
[Round "6.1"]
[White "Hummel, Dirk"]
[Black "Schmidt, Walter"]
[Result "0-1"]
[WhiteElo "2273"]
[BlackElo "2227"]
[Annotator "TA"]
[PlyCount "45"]
[EventDate "2021.01.18"]
[EventType "team-tourn"]
[EventCountry "GER"]
[SourceTitle "playchess.com"]
[Source "ChessBase"]
[SourceQuality "1"]

1. d4 Nf6 2. c4 e6 3. Nc3 Bb4 4. Qc2 c5 5. dxc5 O-O 6. Nf3 Bxc5 7. Bf4 Nc6 8. e3 d5 9. a3 Be7 10. Rd1 Qa5 11. Nd2 e5 12. Bg5 Bg4 13. f3 Be6 14. Nb3 Qb6 15. Na4 Qc7 16. Bxf6 dxc4 17. Bxc4 Bxc4 18. Qxc4 Bxf6 19. Nbc5 Rfd8 20. Rxd8+ Rxd8 21. Ne4 Bh4+ 22. g3 Be7 23. Kf2 0-1

[Event "DSOL 2021"]
[Site "Germany"]
[Date "2021.03.17"]
[Round "6.1"]
[White "Ewert, Hannes"]
[Black "Haub, Thorsten Michael"]
[Result "0-1"]
[WhiteElo "2266"]
[BlackElo "2426"]
[Annotator "TA"]
[PlyCount "156"]
[EventDate "2021.01.18"]
[EventType "team-tourn"]
[EventCountry "GER"]
[SourceTitle "playchess.com"]
[Source "ChessBase"]
[SourceQuality "1"]

1. e4 g6 2. d4 Bg7 3. Nc3 d6 4. Be3 a6 5. a4 b6 6. Bc4 e6 7. Nf3 Ne7 8. Qd2 h6 9. O-O Nd7 10. Rfe1 Bb7 11. Rad1 Kf8 12. h4 Kg8 13. h5 g5 14. d5 Bxc3 15. Qxc3 e5 16. Nd2 f5 17. exf5 Nf6 18. f3 Nxf5 19. g4 Ne7 20. Qd3 Qd7 21. Bb3 Nfxd5 22. Ne4 Kg7 23. c4 Nxe3 24. Qxe3 Bxe4 25. Qxe4 Qc6 26. Qd3 Raf8 27. Kg2 Rf4 28. Kg3 Rhf8 29. Re3 Rd4 30. Qc2 Qc5 31. Rde1 Rf6 32. Ba2 Rdf4 33. Bb1 e4 34. Qc3 d5 35. Qe5 d4 36. Rxe4 Rxf3+ 37. Kg2 Qxe5 38. Rxe5 Nc6 39. Re8 d3 40. Rc8 Rf2+ 41. Kg1 Nd4 42. Rxc7+ Rf7 43. Bxd3 Rxb2 44. Rxf7+ Kxf7 45. Be4 Kf6 46. Bd5 Ne2+ 47. Kf2 Nf4+ 48. Kf3 b5 49. axb5 axb5 50. Ke4 bxc4 51. Bxc4 Rc2 52. Bb5 Rc3 53. Re3 Rc5 54. Bd7 Rc1 55. Rb3 Rc4+ 56. Kf3 Nd5 57. Rd3 Ke5 58. Bf5 Rc3 59. Rxc3 Nxc3 60. Ke3 Nd5+ 61. Kf3 Kd4 62. Be6 Nb4 63. Bf5 Nc6 64. Bc8 Ne5+ 65. Kf2 Ke4 66. Kg3 Ke3 67. Ba6 Nf7 68. Bb7 Nd6 69. Bc6 Ne4+ 70. Kh3 Kf4 71. Kg2 Nf6 72. Ba4 Nxg4 73. Bb5 Ne3+ 74. Kh3 g4+ 75. Kh2 Kg5 76. Kg3 Nf5+ 77. Kf2 Ng7 78. Bd7 Nxh5 0-1

[Event "DSOL 2021"]
[Site "Germany"]
[Date "2021.03.19"]
[Round "6.1"]
[White "Zwanzger, Johannes"]
[Black "Keller, Peter"]
[Result "1/2-1/2"]
[WhiteElo "2263"]
[BlackElo "1737"]
[Annotator "NA"]
[PlyCount "97"]
[EventDate "2021.01.18"]
[EventType "team-tourn"]
[EventCountry "GER"]
[SourceTitle "playchess.com"]
[Source "ChessBase"]
[SourceQuality "1"]
[WhiteTeam "Bayern München I"]
[BlackTeam "SK Bickenbach I"]

1. e4 e5 2. Nf3 Nc6 3. Nc3 Nf6 4. g3 d5 5. exd5 Nxd5 6. Bg2 Nxc3 7. bxc3 Bc5 8. O-O O-O 9. d3 Bb6 10. Qe1 Qf6 11. Be3 Bg4 12. Nd2 Rae8 13. Rb1 Qe6 14. Nb3 Bh3 15. c4 Bxg2 16. Kxg2 Bxe3 17. fxe3 b6 18. Qc3 f5 19. Rbe1 Ne7 20. Nd2 Ng6 21. Kg1 Qc6 22. Qb3 Kh8 23. Qb5 Qf6 24. Qa4 Qd6 25. Rxf5 Rxf5 26. Qxe8+ Rf8 27. Qa4 a5 28. Rf1 Rxf1+ 29. Nxf1 h6 30. Qe8+ Kh7 31. Qf7 e4 32. Qf5 exd3 33. cxd3 Qe5 34. Qf2 Qc3 35. Qd2 Qxd2 36. Nxd2 Ne5 37. d4 Nd3 38. a3 Kg6 39. Kf1 c6 40. Ke2 Nb2 41. Kf3 Kf6 42. Ke4 Nd1 43. Kd3 Ke6 44. Ne4 Nb2+ 45. Kc3 Nd1+ 46. Kd2 Nb2 47. Kc3 Nd1+ 48. Kd2 Nb2 49. Kc3 1/2-1/2

[Event "DSOL 2021"]
[Site "Germany"]
[Date "2021.03.18"]
[Round "6.1"]
[White "Buchal, Stephan"]
[Black "Pruefer, Friedbert"]
[Result "0-1"]
[WhiteElo "2256"]
[BlackElo "1735"]
[Annotator "TA"]
[PlyCount "60"]
[EventDate "2021.01.18"]
[EventType "team-tourn"]
[EventCountry "GER"]
[SourceTitle "playchess.com"]
[Source "ChessBase"]
[SourceQuality "1"]

1. e4 d6 2. d4 Nf6 3. Nc3 g6 4. Be3 Bg7 5. Qd2 O-O 6. h3 e5 7. dxe5 dxe5 8. Bd3 Qe7 9. Nf3 Nbd7 10. Bh6 Nc5 11. Bxg7 Kxg7 12. O-O-O c6 13. Qe3 b5 14. Kb1 a5 15. g4 b4 16. Ne2 a4 17. Ng3 b3 18. cxb3 axb3 19. a3 Na4 20. Qg5 Re8 21. Nh5+ Nxh5 22. Qxe7 Rxe7 23. gxh5 Nc5 24. hxg6 hxg6 25. Kc1 Ra4 26. Rhe1 Bxh3 27. Bb1 Bg4 28. Re3 Rc4+ 29. Kd2 Rd7+ 30. Ke2 Rcd4 0-1

[Event "DSOL 2021"]
[Site "Germany"]
[Date "2021.03.19"]
[Round "6.1"]
[White "Griebl, Joern"]
[Black "Arndt, Magnus"]
[Result "1-0"]
[WhiteElo "2249"]
[BlackElo "1557"]
[Annotator "NA"]
[PlyCount "77"]
[EventDate "2021.01.18"]
[EventType "team-tourn"]
[EventCountry "GER"]
[SourceTitle "playchess.com"]
[Source "ChessBase"]
[SourceQuality "1"]
[WhiteTeam "SC Buer-Hassel"]
[BlackTeam "SK Doppelbauer Kiel"]

1. d4 Nf6 2. c4 e6 3. Nf3 a6 4. Nc3 d5 5. cxd5 exd5 6. Bg5 Be6 7. e3 Nbd7 8. Bd3 Bd6 9. O-O O-O 10. h3 c6 11. Ne2 Qc7 12. Bxf6 Nxf6 13. Nc3 h6 14. Rc1 Rae8 15. Re1 Bc8 16. a3 Qe7 17. Nd2 Bb8 18. Qc2 Qd6 19. Nf3 Re7 20. Bf5 Bxf5 21. Qxf5 g6 22. Qc2 Qd8 23. b4 Ne4 24. a4 Ng5 25. Ne5 Bxe5 26. dxe5 f6 27. f4 Nh7 28. Qxg6+ Rg7 29. Qxh6 Qe7 30. b5 axb5 31. axb5 fxe5 32. bxc6 bxc6 33. Qxc6 Qh4 34. Qxd5+ Rff7 35. Ne4 exf4 36. exf4 Qxf4 37. Rc8+ Nf8 38. Rxf8+ Kh7 39. Qh5+ 1-0

[Event "DSOL 2021"]
[Site "Germany"]
[Date "2021.03.18"]
[Round "6.1"]
[White "Voicu-Jagodzinsky, Carmen"]
[Black "Altenhof, Martin"]
[Result "1-0"]
[WhiteElo "2247"]
[BlackElo "2198"]
[Annotator "TA"]
[PlyCount "81"]
[EventDate "2021.01.18"]
[EventType "team-tourn"]
[EventCountry "GER"]
[SourceTitle "playchess.com"]
[Source "ChessBase"]
[SourceQuality "1"]

1. e4 d6 2. d4 Nf6 3. Nc3 g6 4. g3 Bg7 5. Bg2 O-O 6. Nge2 e5 7. h3 c6 8. a4 a5 9. O-O Na6 10. f4 Nb4 11. Be3 Re8 12. Qd2 Qc7 13. Rad1 b6 14. g4 Ba6 15. Rf2 Rad8 16. Ng3 Nd7 17. Nce2 Bxe2 18. Rxe2 c5 19. dxe5 dxe5 20. f5 Nb8 21. Qe1 Rxd1 22. Qxd1 Rd8 23. Rd2 Rxd2 24. Qxd2 Qd7 25. c3 Qxd2 26. Bxd2 N4c6 27. Bf1 Kf8 28. Bc4 Ke7 29. g5 Bf8 30. Kf2 Nd8 31. Kf3 Kd7 32. h4 Nbc6 33. h5 Ne7 34. h6 Ke8 35. Bb5+ Nec6 36. Nf1 gxf5 37. exf5 Kd7 38. Ne3 Kd6 39. Ke4 f6 40. g6 Bxh6 41. Nc4+ 1-0

[Event "DSOL 2021"]
[Site "Germany"]
[Date "2021.03.18"]
[Round "6.1"]
[White "Cordts, Ingo"]
[Black "Sawlin, Leonid"]
[Result "0-1"]
[WhiteElo "2214"]
[BlackElo "2385"]
[Annotator "TA"]
[PlyCount "100"]
[EventDate "2021.01.18"]
[EventType "team-tourn"]
[EventCountry "GER"]
[SourceTitle "playchess.com"]
[Source "ChessBase"]
[SourceQuality "1"]

1. d4 e6 2. c4 d5 3. Nc3 Nf6 4. cxd5 exd5 5. Bg5 c6 6. e3 Be7 7. Bd3 O-O 8. Nge2 Nbd7 9. Qc2 Re8 10. O-O Nf8 11. f3 a6 12. Rad1 Be6 13. Kh1 Rc8 14. Ng3 h6 15. Bxf6 Bxf6 16. Na4 Nd7 17. f4 Bg4 18. Rde1 b5 19. Nc5 Nxc5 20. dxc5 Bh4 21. e4 dxe4 22. Rxe4 Rxe4 23. Nxe4 Qd4 24. Nd6 Rd8 25. Bh7+ Kf8 26. Nxf7 Kxf7 27. Qg6+ Kf8 28. Qxg4 Bf6 29. Bc2 Qc4 30. Rf2 Qxc5 31. Re2 a5 32. h3 a4 33. Qg6 Qc4 34. Re4 Qxa2 35. Re2 Qc4 36. Re4 Qf7 37. Qg4 Bxb2 38. Re6 h5 39. Qe2 Bf6 40. Rxc6 Qd5 41. Re6 a3 42. Kh2 Qc4 43. Qxc4 bxc4 44. Ra6 Rd2 45. Bg6 a2 46. Ra7 a1=Q 47. Rf7+ Kg8 48. Rb7 Qa8 49. Be4 Qxb7 50. Bxb7 c3 0-1

[Event "DSOL 2021"]
[Site "Germany"]
[Date "2021.03.19"]
[Round "6.1"]
[White "Stotyn, Fabian"]
[Black "Gelman, Josef"]
[Result "1/2-1/2"]
[WhiteElo "2200"]
[BlackElo "2007"]
[Annotator "NA"]
[PlyCount "76"]
[EventDate "2021.01.18"]
[EventType "team-tourn"]
[EventCountry "GER"]
[SourceTitle "playchess.com"]
[Source "ChessBase"]
[SourceQuality "1"]
[WhiteTeam "SK Lehrte I"]
[BlackTeam "SC Weisse Dame"]

1. e4 c6 2. Nf3 d5 3. exd5 cxd5 4. Ne5 Nd7 5. f4 Nxe5 6. fxe5 a6 7. d4 Bf5 8. Bd3 Bxd3 9. Qxd3 e6 10. O-O f5 11. exf6 Nxf6 12. Bg5 Be7 13. Bxf6 gxf6 14. Re1 Qb6 15. Nc3 O-O-O 16. Kh1 Bb4 17. Re2 Bxc3 18. Qxc3+ Kb8 19. Rae1 Rde8 20. Qg3+ Ka7 21. c3 Re7 22. Qh4 Rf8 23. Qh6 Rff7 24. Qh3 e5 25. Qf5 Qe6 26. Rf1 Qxf5 27. Rxf5 exd4 28. Rxe7 Rxe7 29. g4 dxc3 30. bxc3 Re1+ 31. Kg2 Re2+ 32. Kg3 Re3+ 33. Kf4 Rxc3 34. h4 Rc4+ 35. Kf3 Rc3+ 36. Kf4 Rc4+ 37. Kf3 Rc3+ 38. Kf4 Rc4+ 1/2-1/2

[Event "DSOL 2021"]
[Site "Germany"]
[Date "2021.03.16"]
[Round "6.1"]
[White "Kottke, Markus"]
[Black "Hahn, Markus"]
[Result "1-0"]
[WhiteElo "2198"]
[BlackElo "2264"]
[Annotator "TA"]
[PlyCount "109"]
[EventDate "2021.01.18"]
[EventType "team-tourn"]
[EventCountry "GER"]
[SourceTitle "playchess.com"]
[Source "ChessBase"]
[SourceQuality "1"]

1. e4 c6 2. d4 d5 3. e5 c5 4. dxc5 Nc6 5. a3 e6 6. b4 a5 7. b5 Nxe5 8. Qd4 Qc7 9. b6 Bxc5 10. Bb5+ Bd7 11. Bxd7+ Kxd7 12. Qa4+ Qc6 13. Qf4 f6 14. Ne2 g5 15. Qg3 Ne7 16. O-O Nf5 17. Qh3 h5 18. Bb2 g4 19. Qc3 h4 20. Nd2 Bxb6 21. Qxc6+ bxc6 22. Nb3 g3 23. Nbd4 Nxd4 24. Bxd4 gxh2+ 25. Kxh2 Bxd4 26. Nxd4 h3 27. gxh3 c5 28. Ne2 Rab8 29. Rab1 Nc4 30. a4 Rb4 31. Rg1 Kd6 32. Nc3 Rh7 33. Nb5+ Ke7 34. Rbe1 Nd2 35. Re3 d4 36. Rd3 Ne4 37. f3 Nf2 38. Rd2 Nxh3 39. Rg8 Nf4+ 40. Kg3 e5 41. Rc8 Ke6 42. Rxc5 Rb1 43. Nxd4+ Kf7 44. Rc7+ Kg6 45. Rxh7 Kxh7 46. Nb3 Kg6 47. Kf2 Rb2 48. Ke3 Ra2 49. Nxa5 Rxa4 50. Nb3 Kf5 51. Nc5 Rc4 52. Ne4 Rc6 53. c4 Ke6 54. Rc2 Ra6 55. Nc5+ 1-0

[Event "DSOL 2021"]
[Site "Germany"]
[Date "2021.03.15"]
[Round "6.1"]
[White "Skibbe, Willi"]
[Black "Flach, Erich"]
[Result "1-0"]
[WhiteElo "2187"]
[BlackElo "1511"]
[Annotator "TA"]
[PlyCount "75"]
[EventDate "2021.01.18"]
[EventType "team-tourn"]
[EventCountry "GER"]
[SourceTitle "playchess.com"]
[Source "ChessBase"]
[SourceQuality "1"]

1. d4 Nf6 2. c4 c5 3. d5 e6 4. Nc3 exd5 5. cxd5 d6 6. e4 g6 7. h3 Bg7 8. Nf3 O-O 9. Be3 Na6 10. Bd3 Nc7 11. a4 a6 12. O-O Rb8 13. a5 Nd7 14. Nd2 Ne5 15. Be2 g5 16. f4 gxf4 17. Bxf4 b5 18. axb6 Rxb6 19. Bxe5 Bxe5 20. Nc4 Bd4+ 21. Kh1 Rb4 22. Qd2 Nb5 23. Na2 Rb3 24. Bd3 Qh4 25. Rf3 Bg7 26. Raf1 Nd4 27. Rf4 Qh6 28. Nc1 Rb4 29. Qf2 Nb3 30. Na2 Rb7 31. e5 dxe5 32. Rh4 Qg5 33. Bxh7+ Kh8 34. Bf5+ Kg8 35. Bxc8 Rxc8 36. Nd6 Rcc7 37. Rg4 Qh5 38. Ne8 1-0